000 00662nam a2200241Ia 4500
003 OSt
005 20220912151228.0
006 a|||||r|||| 00| 0
007 ta
008 220909b |||||||| |||| 00| 0 eng d
024 _a52174
037 _cTextual
040 _aCSL
_beng
_cCSL
041 _aeng
082 _aI:2k, J0.3,4
100 _aLinsbauer Begrundet Von K Ed.
245 0 _aEncyclopedia of plant anatomy
260 _aBerlin
_bNikolassee Gebruder Borntraeger
_c1950
300 _aVii, 335p.
_ccm.
650 _aPlant Anatomy
942 _hI:2k, J0.3,4
_cTEXL
_2CC
999 _c64088
_d64088